Highest Grossing 1990's Animated Movies - Statistics

General Stats
  • This quiz has been taken 71 times
  • The average score is 8 of 15
Answer Stats
# Year Company Gross Movie % Correct
6 1995 Pixar Animation Studios $373,554,033 Toy Story
95%
1 1994 Walt Disney Pictures $968,483,777 The Lion King
92%
3 1999 Pixar Animation Studios $497,366,869 Toy Story 2
87%
2 1992 Walt Disney Pictures $504,050,219 Aladdin
77%
5 1991 Walt Disney Pictures $424,967,620 Beauty and the Beast
77%
8 1995 Walt Disney Pictures $346,079,773 Pocahontas
66%
10 1998 Walt Disney Pictures $304,320,254 Mulan
62%
7 1998 Pixar Animation Studios $363,398,565 A Bug's Life
57%
11 1997 Walt Disney Pictures $252,712,101 Hercules
56%
13 1998 Dreamworks Animation $171,757,863 Antz
48%
9 1996 Walt Disney Pictures $325,338,851 Hunchback of Notre Dame
39%
4 1999 Walt Disney Pictures $448,191,819 Tarzan
38%
12 1998 Dreamworks Animation $218,613,188 Prince of Egypt
21%
15 1997 20th Century Fox $139,804,348 Anastatia
2%
14 1998 Paramount Animation $140,894,675 The Rugrats Movie
2%
No matching quizzes found
Score Distribution
Percent of People with Each Score
Percentile by Number Answered
Your Score History
You have not taken this quiz